50 größte Agglomerationen, die mit H beginnen - Statistiken

Allgemein
  • Dieses Quiz wurde 29 mal gespielt
  • Das Durchschnittsergebnis liegt bei 17 aus 50
Antwortstatistiken
Einwohner Agglomeration Staat % Korrekt
5.500 Hanoi Vietnam
100%
2.150 Havanna Kuba
100%
2.500 Hamburg Deutschland
96%
1.200 Helsinki Finnland
92%
16.000 Ho-Chi-Minh-Stadt Vietnam
92%
800 Hannover Deutschland
88%
2.800 Harare Simbabwe
79%
9.500 Hyderabad Indien
71%
2.300 Hyderabad Pakistan
71%
1.400 Hiroshima Japan
67%
8.000 Hangzhou China [Zhèjiang]
58%
7.000 Houston USA
58%
4.000 Hong Kong China
50%
5.200 Harbin China [Heilongjiang]
46%
6.500 Hefei China [Anhui]
46%
800 Homs Syrien
46%
1.500 Herat Afghanistan
42%
1.200 Haiphong Vietnam
38%
1.200 Hargeysa Somalia
38%
2.700 Haikou China [Hainan]
33%
2.500 Handan China [Hebei]
29%
2.200 Hohhot China [Innere Mongolei]
29%
1.000 Hamamatsu Japan
25%
750 Hamhung Nord-Korea
25%
1.000 Hermosillo Mexiko
25%
1.100 Heze China [Shandong]
25%
900 Hofuf Saudi-Arabien
25%
850 Honolulu USA
25%
700 Hsinchu Taiwan
25%
1.700 Huai’an China [Jiangsu]
25%
1.250 Huainan China [Anhui]
25%
800 Huambo Angola
25%
1.100 Hubli-Dharwad Indien
25%
600 Hamadan Iran
21%
1.000 Huzhou China [Zhejiang]
21%
1.000 Hartford USA
8%
1.250 Hengyang China [Hunan]
8%
700 Haicheng China [Liaoning]
0%
600 Hanzhong China [Shaanxi]
0%
900 Hebi China [Henan]
0%
850 Hengshui China [Hebei]
0%
800 Heyuan China [Guangdong]
0%
600 Hilla Irak
0%
1.000 Huaibei China [Anhui]
0%
700 Huaihua China [Hunan]
0%
1.500 Huangdao China [Shandong]
0%
1.600 Huangshi China [Hubei]
0%
800 Hudaida Jemen
0%
700 Huidong China [Guangdong]
0%
700 Huilai China [Guangdong]
0%
Keine übereinstimmenden Quizze gefunden
Verteilung der Resultate
Anzahl Personen mit jedem Resultat
Perzentil nach korrekt beantworteten Fragen
Ihre Resultats-Entwicklung
Sie haben dieses Quiz noch nicht gespielt